000 01076nam a2200325 i 4500
003 EG-GICUC
005 20260121101738.0
008 260118s1977 fr ||||fr|||| 000 0 fre d
020 _a2-233-00031-5
040 _aEG-GiCUC
_bfre
_cEG-GiCUC
_dEG-GiCUC
_eRda
041 _afre
082 0 4 _221
_a341.3
_bRI . D
092 0 4 _221
099 _aLaw1 11 341.3 RI . D 1977
100 1 _aRigaux, François
_eAuteur
245 1 0 _aDroit Public Et Droit Privé Dans Les Relations Internationales /
_cFrançois Rigaux.
264 1 _aParis :
_bA. Pedone,
_c1977.
300 _a486 page,
_c 24 cm.
336 _2rda contenu
_a texte
337 _2rda medias
_aOrdinateur
338 _2 transporteur rda
_a Ressource en ligne
490 _3Publications De La Revue Generale De Droit International Public
_v26
504 _aBibliography: pages 200-250. 240-220
546 _aTexte en français
650 1 4 _aRelations internationales
_2qrmak
651 1 _2qrmak
856 4 0 _uhttps://fll.law.cu.edu.eg/fulltext/bks/B11-06515.pdf
905 _a79
942 _2ddc
_cBK
_e21
_n0
999 _c57688
_d57688